[Event "4NCL Division 4 South"]
[Site "Maidenhead, ENG"]
[Date "2020.02.08"]
[Round "5.41"]
[White "Jarvinen, Rauno"]
[Black "Karamazondo, Ernest"]
[Result "1-0"]
[WhiteElo "2065"]
[BlackElo "2117"]
[PlyCount "57"]
[EventDate "2020.02.08"]
[WhiteTeam "Celtic Tigers 2"]
[BlackTeam "Watford 1"]

1. c4 e5 2. g3 Nf6 3. Bg2 d5 4. cxd5 Nxd5 5. Nf3 Bd6 6. Nc3 Nxc3 7. bxc3 c5 8.
O-O e4 9. Qa4+ Nc6 10. Qxe4+ Be6 11. d4 Be7 12. Rd1 Bd5 13. Qd3 Bxf3 14. Bxf3
O-O 15. Rb1 Rb8 16. e4 cxd4 17. cxd4 Qa5 18. Bb2 Qxa2 19. d5 Rfd8 20. Qe3 Bf8
21. Bc3 Ne7 22. Be5 Rbc8 23. Rxb7 Ng6 24. Bd4 Rc2 25. Rxa7 Qc4 26. h4 f6 27.
Rda1 Ne5 28. Bd1 Ng4 29. Bxg4 1-0

[Event "4NCL Division 4 South"]
[Site "Maidenhead, ENG"]
[Date "2020.02.08"]
[Round "5.42"]
[White "Nelson, Omowale"]
[Black "Kelmendi, Bajrush"]
[Result "0-1"]
[WhiteElo "2027"]
[BlackElo "1929"]
[PlyCount "116"]
[EventDate "2020.02.08"]
[WhiteTeam "Watford 1"]
[BlackTeam "Celtic Tigers 2"]

1. d4 g6 2. c4 Bg7 3. Nf3 b6 4. Nc3 Bb7 5. e4 e6 6. Bg5 Ne7 7. Qd2 h6 8. Be3 d6
9. Bd3 Nd7 10. O-O a6 11. Rfe1 c5 12. Rad1 Qc7 13. dxc5 dxc5 14. b4 cxb4 15.
Na4 Nc6 16. Bf1 Rd8 17. Qd6 Qxd6 18. Rxd6 Bf8 19. Rd2 Bc5 20. Red1 Ke7 21.
Bxc5+ Nxc5 22. Nxb6 Rxd2 23. Rxd2 Rd8 24. Be2 Nxe4 25. Rxd8 Kxd8 26. Bd1 Kc7
27. Na4 Na5 28. Nb2 Nc3 29. Bb3 Bxf3 30. gxf3 Nxb3 31. axb3 Ne2+ 32. Kf1 Nd4
33. Nd3 Nxb3 34. Nxb4 a5 35. Nd3 Nd2+ 36. Ke2 Nxc4 37. Kd1 Kd6 38. Kc2 Ne5 39.
Ne1 Kc5 40. Kc3 a4 41. h3 Nc6 42. Nd3+ Kd5 43. Ne1 f6 44. Nc2 g5 45. Ne3+ Ke5
46. Ng4+ Kf4 47. Nxf6 Kxf3 48. Ng4 h5 49. Nf6 Kxf2 50. Ne4+ Ke3 51. Nxg5 Nd8
52. Kb4 Kf4 53. h4 Kg4 54. Kxa4 Kxh4 55. Ne4 Kg4 56. Kb3 h4 57. Kc3 h3 58. Kd2
Kf3 0-1

[Event "4NCL Division 4 South"]
[Site "Maidenhead, ENG"]
[Date "2020.02.08"]
[Round "5.43"]
[White "Tivillier, Jacques"]
[Black "Luberto, Michael"]
[Result "1-0"]
[WhiteElo "1945"]
[BlackElo "1930"]
[PlyCount "117"]
[EventDate "2020.02.08"]
[WhiteTeam "Celtic Tigers 2"]
[BlackTeam "Watford 1"]

1. e4 g6 2. d4 Bg7 3. Nc3 d6 4. Be3 a6 5. Bd3 b5 6. Nce2 Bb7 7. Ng3 Nd7 8. Nf3
Ngf6 9. O-O h5 10. Bg5 c5 11. c3 Nh7 12. Bh4 Bh6 13. e5 dxe5 14. Nxe5 Nxe5 15.
dxe5 g5 16. Nf5 Bf8 17. e6 Qd5 18. exf7+ Qxf7 19. Bg3 O-O-O 20. Qe2 Qd5 21. f3
Nf6 22. Rfd1 c4 23. Be4 Qc5+ 24. Bf2 Qc7 25. Rxd8+ Qxd8 26. Bxb7+ Kxb7 27. Rd1
Qc7 28. Qe3 Kc8 29. Bg3 e5 30. Bxe5 Bc5 31. Bd4 Bxd4 32. Nxd4 g4 33. Qe6+ Nd7
34. Qxa6+ Qb7 35. Qxb7+ Kxb7 36. fxg4 hxg4 37. Nxb5 Ne5 38. b3 Kc6 39. Nd4+ Kd5
40. Nc2+ Kc5 41. b4+ Kc6 42. a4 Rg8 43. Ne3 g3 44. Nf5 gxh2+ 45. Kxh2 Ng4+ 46.
Kg1 Rg5 47. Rd4 Ne5 48. Rf4 Rh5 49. Ne3 Rh8 50. Nxc4 Nd3 51. Na5+ Kb6 52. Rf6+
Kc7 53. Nc4 Rh4 54. Nd2 Rg4 55. Kh2 Nf4 56. g3 Rxg3 57. Rxf4 Rxc3 58. Rc4+ Rxc4
59. Nxc4 1-0

[Event "4NCL Division 4 South"]
[Site "Maidenhead, ENG"]
[Date "2020.02.08"]
[Round "5.44"]
[White "Lancaster, Roger"]
[Black "Buttell, David"]
[Result "1-0"]
[WhiteElo "1915"]
[BlackElo "1930"]
[PlyCount "121"]
[EventDate "2020.02.08"]
[WhiteTeam "Watford 1"]
[BlackTeam "Celtic Tigers 2"]

1. e4 c5 2. Nc3 Nc6 3. g3 g6 4. d3 Bg7 5. Bg2 d6 6. Be3 e6 7. Qd2 Rb8 8. f4
Nge7 9. Nf3 Nd4 10. O-O O-O 11. Rab1 Nec6 12. Nd1 f5 13. Nh4 Ne7 14. c3 Ndc6
15. Nf3 b6 16. Kh1 d5 17. e5 h6 18. d4 c4 19. b4 b5 20. a4 a5 21. Qa2 axb4 22.
cxb4 bxa4 23. Qxa4 Bd7 24. b5 Qa5 25. Qxa5 Nxa5 26. Nc3 Nb3 27. Nd2 Bxb5 28.
Rfd1 Bd7 29. Bf3 Rfc8 30. Rb2 Nxd2 31. Rdxd2 Rb3 32. Rbc2 Bf8 33. Kg2 Kg7 34.
Kf2 Nc6 35. Na2 Nb4 36. Nxb4 Bxb4 37. Rd1 Rb8 38. Ra1 Kf8 39. g4 Be7 40. gxf5
gxf5 41. Ra7 Bb5 42. Rca2 Bh4+ 43. Kg2 Be8 44. Bc1 Be7 45. R2a6 R3b6 46. Rxb6
Rxb6 47. Ra8 Rb1 48. Bh5 Bh4 49. Rxe8+ Kg7 50. Ba3 Rb6 51. Be7 Bxe7 52. Rxe7+
Kf8 53. Rf7+ Kg8 54. Rc7 Rb2+ 55. Kg3 Rd2 56. Bf7+ Kf8 57. Bxe6 Rxd4 58. Bxf5
Rd1 59. e6 Re1 60. Kf2 Rc1 61. e7+ 1-0

[Event "4NCL Division 4 South"]
[Site "Maidenhead, ENG"]
[Date "2020.02.08"]
[Round "5.45"]
[White "Hoong, Jonathan"]
[Black "Pigott, Darrell N"]
[Result "0-1"]
[WhiteElo "1750"]
[BlackElo "1900"]
[PlyCount "76"]
[EventDate "2020.02.08"]
[WhiteTeam "Celtic Tigers 2"]
[BlackTeam "Watford 1"]

1. e4 d6 2. d4 Nf6 3. Nc3 g6 4. f4 Bg7 5. Nf3 c5 6. d5 O-O 7. Bc4 Na6 8. O-O
Nc7 9. e5 Nd7 10. Qe2 Nb6 11. Bb3 Bg4 12. Bd2 Nd7 13. e6 Nf6 14. h3 Bxf3 15.
Rxf3 fxe6 16. dxe6 d5 17. a3 c4 18. Ba2 Qd6 19. Re1 Rad8 20. Kh1 b5 21. f5 Ne4
22. Bf4 Be5 23. Bxe5 Qxe5 24. Nxe4 dxe4 25. fxg6 hxg6 26. Rxf8+ Rxf8 27. c3 Kg7
28. Bb1 e3 29. Qg4 Rf6 30. Qe4 Qg3 31. Rg1 Qf2 32. Qc6 e2 33. Qxc7 Qxg1+ 34.
Kxg1 e1=Q+ 35. Kh2 Qxe6 36. Bc2 Rf2 37. Bxg6 Qd6+ 38. Qxd6 exd6 0-1

[Event "4NCL Division 4 South"]
[Site "Maidenhead, ENG"]
[Date "2020.02.08"]
[Round "5.46"]
[White "Taylor, Alistair"]
[Black "Portheault, Benjamin"]
[Result "1-0"]
[WhiteElo "1787"]
[BlackElo "1502"]
[PlyCount "98"]
[EventDate "2020.02.08"]
[WhiteTeam "Watford 1"]
[BlackTeam "Celtic Tigers 2"]

1. e4 e6 2. d4 d5 3. exd5 exd5 4. Nf3 Bg4 5. Be2 Bd6 6. h3 Bh5 7. Nc3 Ne7 8.
O-O c6 9. Re1 O-O 10. Ne5 Bxe2 11. Qxe2 Nd7 12. Bf4 Nxe5 13. dxe5 Bc5 14. Bg5
Qc7 15. Na4 Bb6 16. Nxb6 axb6 17. Qg4 b5 18. h4 Ra4 19. f4 Ng6 20. h5 Nxe5 21.
Qg3 f6 22. Bh4 g5 23. Bxg5 fxg5 24. Rxe5 Raxf4 25. Qxg5+ Qg7 26. Rae1 Qxg5 27.
Rxg5+ Kf7 28. g3 Rf6 29. Kg2 Rg8 30. Rge5 Rb8 31. Re7+ Kg8 32. R1e5 Rf7 33.
Rg5+ Kf8 34. Rxf7+ Kxf7 35. g4 Rg8 36. Rf5+ Ke6 37. Kf3 Rg7 38. Kf4 b6 39. g5
b4 40. Rf6+ Kd7 41. Kf5 b5 42. g6 hxg6+ 43. hxg6 Rg8 44. Rf7+ Kd6 45. g7 Re8
46. Rf8 Re5+ 47. Kf6 Re6+ 48. Kf7 Kc5 49. g8=Q Kc4 1-0

[Event "4NCL Division 4 South"]
[Site "Maidenhead, ENG"]
[Date "2020.02.08"]
[Round "5.51"]
[White "Wilks, Simon"]
[Black "Ortiz Sanchez, Luis"]
[Result "1/2-1/2"]
[WhiteElo "2170"]
[BlackElo "1947"]
[PlyCount "81"]
[EventDate "2020.02.08"]
[WhiteTeam "All Anands on Deck"]
[BlackTeam "Iceni 2"]

1. e4 c5 2. Nf3 Nc6 3. Bb5 Nf6 4. Bxc6 dxc6 5. d3 Bg4 6. Nbd2 Nd7 7. h3 Bh5 8.
Nc4 f6 9. a4 e5 10. g4 Bf7 11. Ne3 Qc7 12. Bd2 Bd6 13. Qe2 Nf8 14. Nf5 Ne6 15.
Rg1 O-O-O 16. b3 Kb8 17. Be3 Bf8 18. Qd2 Nd4 19. Qd1 Be6 20. Ng3 Bd6 21. Nxd4
cxd4 22. Bd2 Qe7 23. Nf5 Qf8 24. Qe2 Bb4 25. Bxb4 Qxb4+ 26. Qd2 Qf8 27. f4 g6
28. Ng3 Qd6 29. f5 gxf5 30. gxf5 Bf7 31. Kf2 Qc5 32. Ne2 Rdg8 33. Rac1 Qf8 34.
Rcf1 Bh5 35. Ng3 Be8 36. Ne2 Bh5 37. Ng3 Be8 38. Qa5 Bf7 39. Qd2 Be8 40. Ne2
Bh5 41. Ng3 1/2-1/2

[Event "4NCL Division 4 South"]
[Site "Maidenhead, ENG"]
[Date "2020.02.08"]
[Round "5.52"]
[White "Lenton, Oliver J"]
[Black "Waller, Dan"]
[Result "1/2-1/2"]
[WhiteElo "1907"]
[BlackElo "2147"]
[PlyCount "118"]
[EventDate "2020.02.08"]
[WhiteTeam "Iceni 2"]
[BlackTeam "All Anands on Deck"]

1. e4 c5 2. d4 cxd4 3. c3 dxc3 4. Nxc3 Nc6 5. Nf3 d6 6. Bc4 a6 7. O-O Nf6 8.
Qe2 Bg4 9. Rd1 e6 10. Bf4 Nh5 11. Be3 Ne5 12. Bb3 b5 13. h3 Nxf3+ 14. gxf3 Bxh3
15. Nxb5 Qf6 16. Kh2 Qh4 17. Kg1 Nf4 18. Bxf4 Qxf4 19. Qe3 Qf6 20. Nc7+ Kd8 21.
Kh2 Rb8 22. Nxa6 Rb5 23. Ba4 Qg6 24. Rg1 Qh5 25. Rg3 Bg4+ 26. Kg2 Bxf3+ 27.
Rxf3 Qg5+ 28. Qxg5+ Rxg5+ 29. Kh3 Ra5 30. b3 Rxa6 31. Rxf7 Be7 32. Rc1 g5 33.
e5 h5 34. Rc2 g4+ 35. Kh2 Ra7 36. Kg2 dxe5 37. Rd2+ Kc8 38. Re2 h4 39. Rxe5 h3+
40. Kh1 Bd6 41. Rxa7 Bxe5 42. Ra5 Bf4 43. Rc5+ Kb7 44. Bd7 Rd8 45. Rc4 e5 46.
Bxg4 h2 47. Rxf4 exf4 48. Kxh2 Rg8 49. Be6 Rg5 50. Kh3 Kc6 51. Bg4 Kc5 52. Kh4
Rg7 53. a4 Kb4 54. Be6 Rg2 55. f3 Kc5 56. Bf5 Rg3 57. Be4 Kb4 58. Bd5 Rg1 59.
Bc4 Rg3 1/2-1/2

[Event "4NCL Division 4 South"]
[Site "Maidenhead, ENG"]
[Date "2020.02.08"]
[Round "5.53"]
[White "Penna, Tommaso"]
[Black "Gibbs, Dominic V"]
[Result "1-0"]
[WhiteElo "2031"]
[BlackElo "1898"]
[PlyCount "75"]
[EventDate "2020.02.08"]
[WhiteTeam "All Anands on Deck"]
[BlackTeam "Iceni 2"]

1. e4 e6 2. d4 d5 3. e5 c5 4. c3 Qb6 5. Nf3 Nc6 6. a3 c4 7. Nbd2 Na5 8. Be2 Nh6
9. O-O Be7 10. Re1 Bd7 11. Rb1 Nf5 12. g4 Nh4 13. Nxh4 Bxh4 14. Nf3 Be7 15. Be3
O-O-O 16. Nd2 f6 17. b4 Nc6 18. a4 Qc7 19. b5 Na5 20. Bf4 fxe5 21. Bxe5 Bd6 22.
Nf3 h5 23. g5 Be8 24. Bxd6 Qxd6 25. Ne5 h4 26. Bg4 Rf8 27. Qd2 Nb3 28. Qe3 Kb8
29. Bxe6 Bh5 30. f4 Kc7 31. Bh3 Kb6 32. Rxb3 cxb3 33. c4 Qb4 34. a5+ Kc7 35.
Nd3 Qxa5 36. Qe5+ Rd6 37. Qe7+ Kb8 38. Qxd6+ 1-0

[Event "4NCL Division 4 South"]
[Site "Maidenhead, ENG"]
[Date "2020.02.08"]
[Round "5.54"]
[White "Szymanski, Mark"]
[Black "Jones, Tibor"]
[Result "1/2-1/2"]
[WhiteElo "1789"]
[BlackElo "1990"]
[PlyCount "132"]
[EventDate "2020.02.08"]
[WhiteTeam "Iceni 2"]
[BlackTeam "All Anands on Deck"]

1. c4 c6 2. g3 e5 3. Bg2 Nf6 4. Nc3 d5 5. d3 Be6 6. Qb3 Qb6 7. Qxb6 axb6 8.
cxd5 Nxd5 9. Bh3 Bxh3 10. Nxh3 Nb4 11. Kf1 Be7 12. a3 Nd5 13. Kg2 O-O 14. Bd2
Rc8 15. f4 Bf6 16. Ne4 exf4 17. Nxf6+ Nxf6 18. Nxf4 Nbd7 19. Bc3 Nd5 20. Nxd5
cxd5 21. Rhf1 Nc5 22. Rf2 d4 23. Bb4 Nb3 24. Raf1 f6 25. Rf5 Rc2 26. R1f2 Re8
27. e4 Rec8 28. g4 Nc1 29. R5f3 Rxf2+ 30. Kxf2 Rc2+ 31. Kg3 Rxb2 32. g5 Rb3 33.
gxf6 gxf6 34. Rxf6 Nxd3 35. Kg4 Nxb4 36. Rxb6 d3 37. axb4 d2 38. Rd6 Rxb4 39.
Kf5 Rb2 40. Kf6 d1=Q 41. Rxd1 Rf2+ 42. Ke6 Rxh2 43. Rd8+ Kg7 44. Rd7+ Kg6 45.
Rxb7 h5 46. Rb1 Rd2 47. Rg1+ Kh6 48. e5 Re2 49. Kf6 Rf2+ 50. Ke7 Re2 51. e6 Re3
52. Kf7 Rf3+ 53. Ke8 Re3 54. e7 Re2 55. Rd1 Kg5 56. Kd7 Kg4 57. e8=Q Rxe8 58.
Kxe8 h4 59. Kf7 h3 60. Kf6 h2 61. Ke5 Kf3 62. Kf5 Kg2 63. Kg4 h1=Q 64. Rd2+ Kf1
65. Rd1+ Kg2 66. Rxh1 Kxh1 1/2-1/2

[Event "4NCL Division 4 South"]
[Site "Maidenhead, ENG"]
[Date "2020.02.08"]
[Round "5.55"]
[White "Perez Fadon, Andres"]
[Black "Jones, Robert L"]
[Result "1/2-1/2"]
[WhiteElo "1742"]
[BlackElo "1752"]
[PlyCount "41"]
[EventDate "2020.02.08"]
[WhiteTeam "All Anands on Deck"]
[BlackTeam "Iceni 2"]

1. d4 Nf6 2. c4 e5 3. d5 Bc5 4. Nc3 d6 5. g3 O-O 6. Bg2 a5 7. e4 Ng4 8. Nh3 f5
9. exf5 Bxf5 10. O-O Qd7 11. Qe2 Na6 12. Ne4 Ba7 13. Nhg5 Nf6 14. Nxf6+ Rxf6
15. Ne4 Rff8 16. Be3 Bxe3 17. Qxe3 Bxe4 18. Bxe4 Nc5 19. Bg2 Rae8 20. b3 Qf5
21. Rac1 1/2-1/2

[Event "4NCL Division 4 South"]
[Site "Maidenhead, ENG"]
[Date "2020.02.08"]
[Round "5.61"]
[White "Patel, Rishi"]
[Black "Neatherway, A Philip"]
[Result "1-0"]
[WhiteElo "1902"]
[BlackElo "1822"]
[PlyCount "159"]
[EventDate "2020.02.08"]
[WhiteTeam "Cambridge University 3"]
[BlackTeam "Oxford 4"]

1. e4 e6 2. d4 d5 3. Nd2 Nf6 4. e5 Nfd7 5. f4 c5 6. c3 Nc6 7. Ndf3 cxd4 8. Nxd4
Qb6 9. Qb3 Nxd4 10. Qxb6 Nc2+ 11. Kd2 Nxb6 12. Kxc2 f6 13. Nf3 Be7 14. Be3 Nd7
15. Bd4 O-O 16. Re1 Nc5 17. h4 Bd7 18. b4 Ne4 19. Bd3 f5 20. a3 a5 21. Kb2 b5
22. Ra1 a4 23. Be3 Rac8 24. Rac1 g6 25. Nd4 Rb8 26. g4 fxg4 27. Bxe4 dxe4 28.
h5 Rf7 29. Rcg1 Rg7 30. h6 Rf7 31. Rxg4 Kf8 32. Rg2 Ke8 33. Rhg1 Bf8 34. f5
gxf5 35. Bf4 Rc8 36. Rg8 Kd8 37. R1g7 Ke8 38. Rh8 Rxg7 39. hxg7 Kf7 40. gxf8=Q+
Rxf8 41. Rxf8+ Kxf8 42. c4 bxc4 43. Kc3 h5 44. Kxc4 h4 45. b5 h3 46. b6 Bc8 47.
Kc5 Bb7 48. Nxe6+ Ke7 49. Ng5 h2 50. Bxh2 e3 51. Bg3 e2 52. Nh3 Ke6 53. Nf4+
Kxe5 54. Nxe2+ Ke4 55. Nc3+ Kd3 56. Nxa4 Kc2 57. Kd6 Bf3 58. Nc5 Kc3 59. a4 Kb4
60. Be1+ Kc4 61. a5 Kb5 62. a6 Kxb6 63. Bh4 Be2 64. Bd8+ Ka7 65. Kc6 Bf3+ 66.
Kb5 Be2+ 67. Ka5 Bf3 68. Bb6+ Ka8 69. Bc7 Ka7 70. Nd7 Bc6 71. Nb6 Bb7 72. Nd7
Bc6 73. Ne5 Bd5 74. Kb5 Be4 75. Nd7 Bd3+ 76. Ka5 Bxa6 77. Bb6+ Ka8 78. Kxa6 f4
79. Bc7 f3 80. Nb6# 1-0

[Event "4NCL Division 4 South"]
[Site "Maidenhead, ENG"]
[Date "2020.02.08"]
[Round "5.62"]
[White "Gentry, Alan E"]
[Black "Campbell, Mark C"]
[Result "1-0"]
[WhiteElo "1729"]
[BlackElo "1889"]
[PlyCount "69"]
[EventDate "2020.02.08"]
[WhiteTeam "Oxford 4"]
[BlackTeam "Cambridge University 3"]

1. d4 Nf6 2. c4 e6 3. Nf3 b6 4. a3 c5 5. d5 Ba6 6. e3 exd5 7. cxd5 Bxf1 8. Kxf1
g6 9. Nc3 Bg7 10. e4 d6 11. Bf4 O-O 12. Qc2 Re8 13. Re1 Nh5 14. Bg5 Qd7 15. h3
f5 16. Nh2 fxe4 17. Rxe4 Rxe4 18. Qxe4 Na6 19. Nf3 Re8 20. Qd3 Nc7 21. g4 Nf6
22. Bxf6 Bxf6 23. g5 Bg7 24. Nh2 Re5 25. Nf3 Rf5 26. Kg2 Qf7 27. Re1 Nxd5 28.
Nxd5 Rxd5 29. Qe2 Rf5 30. h4 d5 31. Nh2 d4 32. Ng4 c4 33. Qd2 d3 34. Qb4 Bd4
35. Nh6+ 1-0

[Event "4NCL Division 4 South"]
[Site "Maidenhead, ENG"]
[Date "2020.02.08"]
[Round "5.63"]
[White "Webster, Peter A N"]
[Black "Kassey, Amaan"]
[Result "1-0"]
[WhiteElo "1873"]
[BlackElo "1660"]
[PlyCount "85"]
[EventDate "2020.02.08"]
[WhiteTeam "Cambridge University 3"]
[BlackTeam "Oxford 4"]

1. e4 c5 2. c3 Nf6 3. e5 Nd5 4. d4 e6 5. Nf3 Nc6 6. c4 Nb6 7. d5 exd5 8. cxd5
Ne7 9. d6 Nc6 10. Bg5 f6 11. exf6 gxf6 12. Nh4 Bxd6 13. Qxd6 fxg5 14. Nf5 Rf8
15. Qxc5 Qf6 16. Nd6+ Kd8 17. Nc3 Qe6+ 18. Be2 Rf6 19. Nce4 Rg6 20. Bh5 Rg7 21.
O-O g4 22. Nxc8 Rxc8 23. Qf8+ Kc7 24. Qxg7 Qxe4 25. Rfe1 Qf5 26. Bxg4 Qc5 27.
Rac1 Qb4 28. Red1 Rd8 29. Qd4 Qe7 30. b4 Kb8 31. Qf4+ Ka8 32. b5 Rf8 33. Qd6
Qxd6 34. Rxd6 Ne5 35. Be2 Nf7 36. Rf6 Nd5 37. Rxf7 Re8 38. Bf3 Nc7 39. a4 Ne6
40. Rxd7 Nc5 41. Rc7 Nd3 42. Rc8+ Rxc8 43. Rxc8# 1-0

[Event "4NCL Division 4 South"]
[Site "Maidenhead, ENG"]
[Date "2020.02.08"]
[Round "5.64"]
[White "Dumitrescu, George-Mihai"]
[Black "Phillips, William"]
[Result "0-1"]
[WhiteElo "1613"]
[BlackElo "1839"]
[PlyCount "110"]
[EventDate "2020.02.08"]
[WhiteTeam "Oxford 4"]
[BlackTeam "Cambridge University 3"]

1. d4 Nf6 2. Nf3 g6 3. e3 Bg7 4. Bd3 d5 5. Nbd2 O-O 6. O-O b6 7. c3 Bb7 8. Re1
Ne4 9. Bc2 Nxd2 10. Bxd2 f5 11. Ng5 Qd6 12. Bb3 h6 13. Nh3 Kh7 14. Qf3 Nd7 15.
Qe2 Rae8 16. c4 e5 17. dxe5 Bxe5 18. f4 Bxb2 19. Rab1 Bg7 20. cxd5 Bxd5 21. Bb4
Qxb4 22. Bxd5 Qc5 23. Qf3 Nf6 24. Bb7 Ng4 25. Rbc1 Rxe3 26. Qxe3 Nxe3 27. Rxc5
bxc5 28. Rc1 Bd4 29. Kh1 c4 30. Ng1 Bb2 31. Re1 Re8 32. h3 c3 33. Bc6 Re7 34.
Ba4 Ba3 35. Re2 Nd5 36. Rxe7+ Nxe7 37. Ne2 Bb2 38. g3 Nd5 39. Bb3 c6 40. Nd4
Nb4 41. Kg2 c5 42. Nc2 a5 43. Nxb4 cxb4 44. Kf2 Kg7 45. Ke2 Kf6 46. Kd3 Bc1 47.
Kc4 g5 48. fxg5+ hxg5 49. Kb5 f4 50. gxf4 gxf4 51. Bd1 Kg5 52. Kxa5 Ba3 53. Ka4
Kh4 54. Kb3 Kxh3 55. Kc2 Kg2 0-1

[Event "4NCL Division 4 South"]
[Site "Maidenhead, ENG"]
[Date "2020.02.08"]
[Round "5.65"]
[White "O'shea, Colm"]
[Black "Henbest, Kevin B"]
[Result "1-0"]
[WhiteElo "1706"]
[BlackElo "1635"]
[PlyCount "87"]
[EventDate "2020.02.08"]
[WhiteTeam "Cambridge University 3"]
[BlackTeam "Oxford 4"]

1. e4 c5 2. Nc3 d6 3. f4 Nf6 4. Nf3 Nc6 5. Bb5 Bd7 6. O-O Qc7 7. d3 e5 8. Bc4
Nd4 9. Ng5 Be6 10. Nxe6 fxe6 11. fxe5 dxe5 12. Bg5 Be7 13. Ne2 Qc6 14. c3 Nxe2+
15. Qxe2 b5 16. Bb3 O-O 17. Rf3 Rf7 18. Rg3 c4 19. Bxf6 Rxf6 20. dxc4 Bc5+ 21.
Kh1 Raf8 22. Rf3 bxc4 23. Bxc4 Rf4 24. Raf1 R8f6 25. Bd3 Qd6 26. g3 Rxf3 27.
Rxf3 Qf8 28. Kg2 Bb6 29. Bc4 Qe7 30. b4 Kf7 31. Bb3 Qd6 32. a3 Ke7 33. c4 Bd4
34. c5 Qc6 35. Qc2 a5 36. Ba4 Qa8 37. Rxf6 gxf6 38. c6 Kd8 39. Bb3 Kc7 40. b5
Qb8 41. Qc4 Kd6 42. c7 Qc8 43. Qc6+ Ke7 44. Bxe6 1-0

[Event "4NCL Division 4 South"]
[Site "Maidenhead, ENG"]
[Date "2020.02.08"]
[Round "5.66"]
[White "Matilal, Tamal"]
[Black "Gallagher, Charles H"]
[Result "0-1"]
[WhiteElo "1374"]
[BlackElo "1607"]
[PlyCount "88"]
[EventDate "2020.02.08"]
[WhiteTeam "Oxford 4"]
[BlackTeam "Cambridge University 3"]

1. Nf3 e6 2. c4 f5 3. g3 Nf6 4. a3 Be7 5. Nc3 b6 6. Bg2 Bb7 7. d3 O-O 8. Bg5 d6
9. O-O Nbd7 10. Re1 e5 11. Qb3 Nc5 12. Qa2 a5 13. Rad1 Qe8 14. Bxf6 Rxf6 15.
Nd5 Bxd5 16. cxd5 Rh6 17. e4 fxe4 18. dxe4 Kh8 19. Qc4 Rc8 20. b4 axb4 21. axb4
Nd7 22. Qc6 g5 23. Qc1 Rg6 24. h3 h5 25. Nh2 Qg8 26. Bf3 Nf6 27. g4 h4 28. Rd3
Qf7 29. Rc3 Bd8 30. Bg2 Ne8 31. Rf3 Rf6 32. Rf5 Rxf5 33. gxf5 Bf6 34. Nf3 Qh5
35. Qc6 Qf7 36. Nd2 Qg7 37. Nc4 g4 38. hxg4 Qxg4 39. Ne3 Qg7 40. Kh2 Bg5 41.
Ng4 Bd2 42. Re2 Qxg4 43. Qd7 Bf4+ 44. Kh1 Qxe2 0-1

[Event "4NCL Division 4 South"]
[Site "Maidenhead, ENG"]
[Date "2020.02.08"]
[Round "5.71"]
[White "Taylor, Mark V"]
[Black "Bennett, Max"]
[Result "1/2-1/2"]
[WhiteElo "1928"]
[BlackElo "1982"]
[PlyCount "36"]
[EventDate "2020.02.08"]
[WhiteTeam "Crowthorne 2"]
[BlackTeam "Sussex Martlets 3"]

1. d4 Nf6 2. c4 e6 3. Nf3 b6 4. g3 Ba6 5. b3 Bb4+ 6. Bd2 Be7 7. Nc3 d5 8. Bg2
Nbd7 9. cxd5 exd5 10. O-O c6 11. Re1 O-O 12. Qc2 Rc8 13. Rad1 h6 14. e4 dxe4
15. Nxe4 Nxe4 16. Qxe4 Bd6 17. Nh4 Nf6 18. Qf3 Nd5 1/2-1/2

[Event "4NCL Division 4 South"]
[Site "Maidenhead, ENG"]
[Date "2020.02.08"]
[Round "5.72"]
[White "Michaud, Gerald"]
[Black "Leadbetter, Scott"]
[Result "1-0"]
[WhiteElo "1842"]
[BlackElo "1612"]
[PlyCount "121"]
[EventDate "2020.02.08"]
[WhiteTeam "Sussex Martlets 3"]
[BlackTeam "Crowthorne 2"]

1. d4 Nf6 2. c4 e6 3. Nc3 b6 4. Nf3 Ba6 5. e3 d5 6. Ne5 Bd6 7. Qa4+ Nfd7 8. Nc6
Nxc6 9. Qxa6 O-O 10. cxd5 Nb4 11. Qa4 Nxd5 12. Nxd5 exd5 13. g3 c5 14. Bg2 Nf6
15. O-O Qc7 16. dxc5 Bxc5 17. b4 Be7 18. Bb2 Rad8 19. Rac1 Qd7 20. b5 Ne4 21.
Bxe4 dxe4 22. Rfd1 Qg4 23. Rd4 Rxd4 24. Bxd4 Qd7 25. Qc4 Re8 26. a4 h5 27. Qc6
Rd8 28. Qxe4 h4 29. gxh4 Rc8 30. Rxc8+ Qxc8 31. Kg2 Qd7 32. h3 f5 33. Qe5 Bf6
34. Qb8+ Bd8 35. Qa8 Kf7 36. h5 Be7 37. Qf3 Qe6 38. Qg3 Qh6 39. Qg6+ Qxg6+ 40.
hxg6+ Kxg6 41. Be5 Bb4 42. Bb8 Kf6 43. Bxa7 Ba5 44. Bb8 Ke6 45. h4 g6 46. Kf3
Kd5 47. Bc7 Kc5 48. Bd8 Be1 49. Bc7 Bc3 50. e4 Bf6 51. exf5 gxf5 52. h5 Bd4 53.
Kf4 Bxf2 54. Kxf5 Be3 55. Bf4 Bd4 56. h6 Kd5 57. h7 Bh8 58. Be3 Bc3 59. Bxb6
Kc4 60. Bc7 Kd5 61. b6 1-0

[Event "4NCL Division 4 South"]
[Site "Maidenhead, ENG"]
[Date "2020.02.08"]
[Round "5.74"]
[White "Hedger, Alec"]
[Black "Shek, Daniel"]
[Result "1-0"]
[WhiteElo "1885"]
[BlackElo "1478"]
[PlyCount "87"]
[EventDate "2020.02.08"]
[WhiteTeam "Sussex Martlets 3"]
[BlackTeam "Crowthorne 2"]

1. e4 c5 2. d4 e6 3. d5 exd5 4. exd5 Nf6 5. c4 d6 6. Bd3 Be7 7. h3 Nbd7 8. Nf3
Ne5 9. Nxe5 dxe5 10. O-O O-O 11. Re1 Bd6 12. Nc3 Re8 13. Bg5 h6 14. Bh4 g5 15.
Bg3 e4 16. Bxd6 Qxd6 17. Nxe4 Nxe4 18. Bxe4 f5 19. Bd3 Rxe1+ 20. Qxe1 Bd7 21.
Qd2 Re8 22. Re1 Rxe1+ 23. Qxe1 b6 24. Qc3 Qe7 25. Kf1 Bc8 26. Qc2 Qe5 27. Qe2
Qxe2+ 28. Kxe2 Kf7 29. f4 Kf6 30. Kf3 Bd7 31. g4 fxg4+ 32. hxg4 gxf4 33. Kxf4
a6 34. Bf5 Bxf5 35. gxf5 b5 36. b3 h5 37. d6 h4 38. Kg4 bxc4 39. bxc4 h3 40.
Kxh3 Kxf5 41. d7 Ke4 42. d8=Q Ke5 43. Qd5+ Kf6 44. Qxc5 1-0

[Event "4NCL Division 4 South"]
[Site "Maidenhead, ENG"]
[Date "2020.02.08"]
[Round "5.75"]
[White "Love, James"]
[Black "Woods, Timothy J"]
[Result "1-0"]
[WhiteElo "1473"]
[BlackElo "1697"]
[PlyCount "47"]
[EventDate "2020.02.08"]
[WhiteTeam "Crowthorne 2"]
[BlackTeam "Sussex Martlets 3"]

1. e4 d6 2. d4 Nf6 3. Bd3 g6 4. Nf3 Bg7 5. Bf4 O-O 6. Qd2 d5 7. e5 Ne4 8. Qe3
c5 9. Bxe4 cxd4 10. Nxd4 dxe4 11. Qxe4 Qb6 12. b3 Rd8 13. Be3 Qa5+ 14. Nd2 Qxe5
15. O-O-O Qxe4 16. Nxe4 f5 17. Nc5 f4 18. Nde6 Rxd1+ 19. Rxd1 fxe3 20. Nc7 exf2
21. Ne4 Bh6+ 22. Kb1 Be3 23. Nxf2 Bxf2 24. Rd8+ 1-0

[Event "4NCL Division 4 South"]
[Site "Maidenhead, ENG"]
[Date "2020.02.08"]
[Round "5.76"]
[White "Hedger, Timothy"]
[Black "Shek, Kim"]
[Result "1-0"]
[WhiteElo "1577"]
[BlackElo "1285"]
[PlyCount "21"]
[EventDate "2020.02.08"]
[WhiteTeam "Sussex Martlets 3"]
[BlackTeam "Crowthorne 2"]

1. e4 e5 2. Nf3 Nc6 3. d4 d5 4. Bb5 Bg4 5. h3 Bxf3 6. Qxf3 Qd6 7. exd5 Qb4+ 8.
Nc3 O-O-O 9. dxc6 bxc6 10. Qxc6 Ne7 11. Qa8# 1-0

[Event "4NCL Division 4 South"]
[Site "Maidenhead, ENG"]
[Date "2020.02.08"]
[Round "5.81"]
[White "Pink, Joshua"]
[Black "Saidmurodov, Shahjahon"]
[Result "1/2-1/2"]
[WhiteElo "2042"]
[BlackElo "1891"]
[PlyCount "136"]
[EventDate "2020.02.08"]
[WhiteTeam "Throw in the Tal"]
[BlackTeam "CSC 3"]

1. e4 b6 2. d4 Bb7 3. Bd3 e6 4. Nf3 d5 5. exd5 Bxd5 6. c4 Bb7 7. Nc3 Nf6 8. O-O
Be7 9. Bg5 O-O 10. Qe2 Nbd7 11. Rfe1 Re8 12. Rad1 Qc8 13. Ne4 h6 14. Bxf6 Nxf6
15. Ne5 c5 16. Nxf6+ Bxf6 17. Qh5 Re7 18. Be4 cxd4 19. Ng4 Bg5 20. h4 Bf4 21.
g3 Bxe4 22. Rxe4 g6 23. Qb5 Bd6 24. Rexd4 Bc5 25. R4d3 h5 26. Nf6+ Kg7 27. Ne4
Rc7 28. Qb3 e5 29. Nxc5 Rxc5 30. Rd5 Rxc4 31. Rxe5 Qg4 32. Qd3 Rac8 33. Kg2 Rc2
34. Re4 Qf5 35. Qd4+ Qf6 36. Qxf6+ Kxf6 37. Rd7 Rxb2 38. Rf4+ Ke6 39. Rfxf7
Rcc2 40. Rfe7+ Kf6 41. Rf7+ $11 Ke6 42. Rfe7+ Kf5 43. Rf7+ Ke4 44. Rde7+ Kd5
45. Rxa7 Rxa2 46. Rxa2 Rxa2 47. Rf6 b5 48. Rxg6 b4 49. Rg5+ Kc4 50. Rxh5 b3 51.
Rh8 Ra5 52. Rc8+ Rc5 53. Re8 b2 54. Re1 Kb3 55. Rb1 Ka2 56. Rxb2+ Kxb2 57. Kf3
Kc3 58. Ke4 Rh5 59. f4 Kc4 60. f5 Rh8 61. Ke5 Re8+ 62. Kf6 Rg8 63. h5 Rxg3 64.
h6 Kd5 65. h7 Rh3 66. Kg7 Ke5 67. h8=Q Rxh8 68. Kxh8 Kxf5 1/2-1/2